<?xml version="1.0" encoding="UTF-8"?>
<record
    xmlns:xsi="http://www.w3.org/2001/XMLSchema-instance"
    xsi:schemaLocation="http://www.loc.gov/MARC21/slim http://www.loc.gov/standards/marcxml/schema/MARC21slim.xsd"
    xmlns="http://www.loc.gov/MARC21/slim">

  <leader>04036cam a2200385Ii 4500</leader>
  <controlfield tag="001">om830332904</controlfield>
  <controlfield tag="003">EG-ScBUE</controlfield>
  <controlfield tag="005">20230925102646.0</controlfield>
  <controlfield tag="008">200209t2020    enka   f      001 0 eng d</controlfield>
  <datafield tag="020" ind1=" " ind2=" ">
    <subfield code="a">9781912843183</subfield>
  </datafield>
  <datafield tag="020" ind1=" " ind2=" ">
    <subfield code="a">1912843188</subfield>
  </datafield>
  <datafield tag="040" ind1=" " ind2=" ">
    <subfield code="a">YDX</subfield>
    <subfield code="b">eng</subfield>
    <subfield code="e">rda</subfield>
    <subfield code="c">YDX</subfield>
    <subfield code="d">OCLCQ</subfield>
    <subfield code="d">YDXIT</subfield>
    <subfield code="d">OCLCO</subfield>
    <subfield code="d">BDX</subfield>
    <subfield code="d">CDX</subfield>
    <subfield code="d">TOH</subfield>
    <subfield code="d">OCLCF</subfield>
    <subfield code="d">CAD</subfield>
    <subfield code="d">EG-ScBUE</subfield>
  </datafield>
  <datafield tag="082" ind1="0" ind2="4">
    <subfield code="a">743.4</subfield>
    <subfield code="2">22</subfield>
    <subfield code="b">FUN</subfield>
  </datafield>
  <datafield tag="245" ind1="0" ind2="0">
    <subfield code="a">Fundamentals of character design :</subfield>
    <subfield code="b">how to create engaging characters for illustration, animation &amp; visual development /</subfield>
    <subfield code="c">Randy Bishop [and 18 others].</subfield>
  </datafield>
  <datafield tag="264" ind1=" " ind2="1">
    <subfield code="a">Worcester, United Kingdom :</subfield>
    <subfield code="b">3dtotal Publishing,</subfield>
    <subfield code="c">[2020]</subfield>
  </datafield>
  <datafield tag="264" ind1=" " ind2="4">
    <subfield code="c">&#xA9;2020</subfield>
  </datafield>
  <datafield tag="300" ind1=" " ind2=" ">
    <subfield code="a">309 pages :</subfield>
    <subfield code="b">illustrations (some color) ;</subfield>
    <subfield code="c">30 cm</subfield>
  </datafield>
  <datafield tag="336" ind1=" " ind2=" ">
    <subfield code="a">text</subfield>
    <subfield code="b">txt</subfield>
    <subfield code="2">rdacontent</subfield>
  </datafield>
  <datafield tag="336" ind1=" " ind2=" ">
    <subfield code="a">still image</subfield>
    <subfield code="b">sti</subfield>
    <subfield code="2">rdacontent</subfield>
  </datafield>
  <datafield tag="337" ind1=" " ind2=" ">
    <subfield code="a">unmediated</subfield>
    <subfield code="b">n</subfield>
    <subfield code="2">rdamedia</subfield>
  </datafield>
  <datafield tag="338" ind1=" " ind2=" ">
    <subfield code="a">volume</subfield>
    <subfield code="b">nc</subfield>
    <subfield code="2">rdacarrier</subfield>
  </datafield>
  <datafield tag="500" ind1=" " ind2=" ">
    <subfield code="a">Includes index.</subfield>
  </datafield>
  <datafield tag="500" ind1=" " ind2=" ">
    <subfield code="a">Statements of responsibility from cover.</subfield>
  </datafield>
  <datafield tag="500" ind1=" " ind2=" ">
    <subfield code="a">Artists include: Kenneth Anderson ; Olga Andriyenko ; Randy Bishop ; Sweeney Boo ; Meybis Ruiz Cruz ; Guilherme Franco ; Luis Gadea ; Ida Hem ; Corah Louise ; Vanessa Morales ; Dom "Scruffy" Murphy ; Tom van Rheenen ; Stephanie Garcia Rizo ; Noor Sofi ; Eduardo Vieira.</subfield>
  </datafield>
  <datafield tag="505" ind1="0" ind2=" ">
    <subfield code="a">Introduction -- How to use this book -- What is character design? Overview ; Establishing the story ; Telling the story -- Research &amp; ideation. Why is research important? ; How can you research? ; Ideation -- Key design principles. Shape language ; Color &amp; value ; Lighting ; Balance &amp; contrast ; Scale ; Repetition ; Rhythm ; Tangents -- Figure basics. Anatomy overview ; Construction &amp; basic shapes ; Different body types ; Exaggeration of form -- Pose, movement &amp; gesture. Lines of action &amp; movement ; How to construct upward from gesture ; Exaggeration of gesture ; Poses library -- The face. Constructing the face &amp; head ; Exaggerating shapes ; Expressions ; Exaggerating expressions ; Expressions library -- Age. Communicating age ; Baby characters ; Child characters ; Teen characters ; Adult characters ; Elderly characters ; Case study: the librarian -- Accessories. Overview ; Costume library ; Hairstyles library ; Props library -- Putting it all together. Creating engaging characters ; Hero versus villain -- Working with multiple characters. Overview ; Two characters ; Main character &amp; sidekick ; Classroom ; Bus-stop queue ; Family dinner ; Music band ; Crowd ; Sports team -- Working in character design. Key considerations ; Presentation ; Style -- Ideas grid.</subfield>
  </datafield>
  <datafield tag="520" ind1=" " ind2=" ">
    <subfield code="a">"What is it about the characters we see in our favorite books, animated films, and games that make us laugh, cry, and respond to them? How do character designers develop ideas that are unique, memorable, and captivate us as an audience? This book answers these questions and more, taking a comprehensive, visual, and analytical approach to discover just what it is that makes a character appealing. Understand key principles like shape language, proportion, and exaggeration, and learn from talented professionals who share industry secrets for getting the most out of anatomy, gesture, expression, and costume. Uncover ways to convey relationships and interaction between multiple characters, and how narrative fuels authentic and engaging characterization. With hundreds of lively illustrations to inspire and study, and tricks of the trade from celebrated artists, this thorough and insightful volume is an essential library addition for anyone interested in character design." --Amazon.com.</subfield>
  </datafield>
  <datafield tag="650" ind1=" " ind2="7">
    <subfield code="a">Cartoon characters.</subfield>
    <subfield code="2">BUEsh</subfield>
  </datafield>
  <datafield tag="650" ind1=" " ind2="7">
    <subfield code="a">Characters and characteristics in art.</subfield>
    <subfield code="2">BUEsh</subfield>
  </datafield>
  <datafield tag="650" ind1=" " ind2="7">
    <subfield code="a">Graphic arts</subfield>
    <subfield code="x">Technique.</subfield>
    <subfield code="2">BUEsh</subfield>
  </datafield>
  <datafield tag="653" ind1=" " ind2=" ">
    <subfield code="c">September2023</subfield>
    <subfield code="b">ART</subfield>
    <subfield code="2">IA</subfield>
  </datafield>
  <datafield tag="655" ind1=" " ind2=" ">
    <subfield code="v">Reading book</subfield>
  </datafield>
  <datafield tag="700" ind1="1" ind2=" ">
    <subfield code="a">Bishop, Randy</subfield>
    <subfield code="q">(Randy Dale),</subfield>
    <subfield code="e">author,</subfield>
    <subfield code="e">artist.</subfield>
  </datafield>
  <datafield tag="942" ind1=" " ind2=" ">
    <subfield code="2">ddc</subfield>
    <subfield code="c">BB</subfield>
  </datafield>
  <datafield tag="949" ind1=" " ind2=" ">
    <subfield code="t">NONCIRC</subfield>
    <subfield code="l">_ULDEMAND</subfield>
    <subfield code="m">I-UNIVLIB</subfield>
    <subfield code="o">.PUBLIC. Books on Demand service for IUPUI University Library users only</subfield>
    <subfield code="o">.PUBLIC. Click the &#x201C;Get this for IUPUI&#x201D; button to submit a request.</subfield>
  </datafield>
  <datafield tag="999" ind1=" " ind2=" ">
    <subfield code="c">30575</subfield>
    <subfield code="d">30546</subfield>
  </datafield>
  <datafield tag="952" ind1=" " ind2=" ">
    <subfield code="0">0</subfield>
    <subfield code="1">0</subfield>
    <subfield code="2">ddc</subfield>
    <subfield code="4">0</subfield>
    <subfield code="7">0</subfield>
    <subfield code="8">Baccah</subfield>
    <subfield code="a">MAIN</subfield>
    <subfield code="b">MAIN</subfield>
    <subfield code="c">2ND</subfield>
    <subfield code="d">2023-09-25</subfield>
    <subfield code="e">Purchase</subfield>
    <subfield code="g">949.00</subfield>
    <subfield code="h">37687</subfield>
    <subfield code="l">8</subfield>
    <subfield code="m">28</subfield>
    <subfield code="o">743.4 FUN</subfield>
    <subfield code="p">000056908</subfield>
    <subfield code="q">2025-09-20</subfield>
    <subfield code="r">2025-07-29 00:00:00</subfield>
    <subfield code="s">2025-07-29</subfield>
    <subfield code="v">1186.25</subfield>
    <subfield code="w">2023-09-25</subfield>
    <subfield code="y">BB</subfield>
  </datafield>
</record>
